1035 1874 1724 1807 1918 1307 1813 1997 1711 1239 1792 1857 1009 1202 1308 1658 1963 1303 1082 1885 1125 1838 1991 1476 1473 1637 1086 1024 1836 1340 1383 1487 1529 1031 1901 1611 1108 1965 1283 1800 1154 1020 1930 1336 1272 1909 1674 1000 1186 1814 1949 1113 1874 1155 1517 1913 1391 1912 1980 1085 1925 1907 1389 1801 1940 1662 1040 1946 1852 1070 1056 1040 1918 1768 1200 1147 1847 1723 1961 1811 1138 1789 1247 1092 1836 1467 1147 1339 1459 1962 1960 1785 1162 1042 1030 1023 1325 1348 1548 BCNSPRNW ULIB Ver.6.0+V

เปลี่ยนเป็นภาษาไทย

Change to English
 แสดงรายละเอียดบรรณานุกรม
  กลับหน้าหลัก

Brief Record : Get Marc (ISO 2709) : E-mail record : QR code < ปิดหน้าต่าง
LEADER : 00000nam 2200000uu 4500
001    13399121192
003     ULIB
008    121108s2550||||th 000 0 tha d
020    ^a9789742885625
040    ^aneu
082 0  ^aK^bด544ค
100 0  ^aดิเรก ควรสามคม.
245 00 ^aความรู้เบื้องต้นเกี่ยวกับกฎหมาย /^cดิเรก ควรสมาคม.
250    ^aพิมพ์ครั้งที่ 4 ปรับปรุงใหม่
260    ^aกรุงเทพฯ :^bวิญญูชน,^c2550
300    ^a268 หน้า ;^c26 ซม.
650  7 ^aกฎหมาย.
852    ^aคณะนิติศาสตร์.
945    ^p230^l0^i14865
999 ^a วิภา
รายการนี้ยังไม่มีแท็ก
คุณยังไม่ได้ล็อกอิน คุณสามารถมีกิจกรรมร่วมกับเว็บไซต์ได้ แต่ต้องล็อกอินก่อน ::
  ล็อกอิน

รายการสื่อสารสนเทศ

ลำดับที่ ประเภท เลขเรียก/บาร์โค้ด สถานที่ สถานะ
1. วิทยาศาสตร์การแพทย์ และสุขภาพ
วิทยาศาสตร์การแพทย์ และสุขภาพ
K ด544ค  
  Barcode: 14865
ห้องสมุดวิทยาเขตสวรรค์ประชารักษ์
►หนังสือทั่วไป
บนชั้น

รายการใกล้เคียง
    หัวเรื่อง [กฎหมาย.]

BibComment


ยังไม่เคยถูกคอมเมนท์

คอมเมนท์ทรัพยากรรายการนี้
  คอมเมนท์: ความรู้เบื้องต้น..


 Copyright 2026. Bcnsprnw @Library